00894cam a22002173a 45000010005000000030006000050050017000110080041000280400015000690420007000840500006000911000031000972450172001282600029003005050204003295060030005335160020005636530024005838300028006078560041006351566PGUSA20140828083003.0060222s2006||||xxu|||||s|||||000 | eng d aPGUSAbeng adc 4aR1 aOsler, William,d1849-191914aThe Evolution of Modern Medicine :bA Series of Lectures Delivered at Yale University on the Silliman Foundation in April, 1913h[electronic resource] /cWilliam Osler bProject Gutenberg,c20060 aOrigin of medicine -- Greek medicine -- Mediaeval medicine -- The Renaissance and the rise of anatomy and physiology -- The rise and development of modern medicine -- The rise of preventive medicine. aPublic domain in the USA. aElectronic text aMedicine -- History 0aProject Gutenbergv156640uhttp://www.gutenberg.org/ebooks/1566